Top Scorers in La Liga 2018-'19 - Statistics

General Stats
  • This quiz has been taken 76 times
  • The average score is 12 of 28
Answer Stats
Rank Goals Club Answer % Correct
1 36 Barcelona Lionel Messi
100%
2 21 Real Madrid Karim Benzema
99%
2 21 Barcelona Luis Suarez
99%
4 20 Celta Vigo Iago Aspas
93%
8 15 Atletico Madrid Antoine Griezmann
86%
13 13 Athletic Bilbao Inaki Williams
69%
5 19 Girona Christian Stuani
60%
13 13 Real Sociedad Mikel Oyarzabal
53%
6 18 Sevilla Wissam Ben Yedder
47%
19 11 Real Sociedad Willian Jose
44%
17 12 Levante José Luis Morales
40%
22 9 Leganes Youssef En-Nesyri
40%
7 17 Espanyol Borja Iglesias
37%
9 14 Rayo Vallecano Raúl De Tomás
34%
13 13 Celta Vigo Maximiliano Gómez
33%
22 9 Athletic Bilbao Raul Garcia
33%
9 14 Getafe Jorge Molina
31%
9 14 Getafe Jaime Mata
29%
22 9 Girona Cristian Portugués
23%
13 13 Levante Roger Martí
23%
22 9 Valencia Dani Parejo
21%
20 10 Huesca Ezequiel "Chimy" Ávila
19%
22 9 Sevilla Andre Silva
14%
9 14 Eibar Charles
11%
20 10 Villarreal Karl Toko Ekambi
10%
17 12 Sevilla Pablo Sarabia
10%
22 9 Real Betis Giovani Lo Celso
6%
22 9 Alaves Jonathan Calleri
4%
No matching quizzes found
Score Distribution
Percent of People with Each Score
Percentile by Number Answered
Your Score History
You have not taken this quiz